000 00941 a2200229 4500
003 Nust
005 20170207165831.0
010 _a 96052321
020 _a0201461374
040 _cNust
082 0 0 _a004.64
100 1 _aAnderson, Don,
245 1 0 _aUSB system architecture /(E-BOOK)
_cMindShare, Inc. ; Don Anderson.
260 _aReading, Mass. :
_bAddison-Wesley Developers Press,
_cc1997.
300 _axxiv, 321 p. :
_bill. ;
_c23 cm.
440 0 _aPC system architecture series
500 _aIncludes index.
505 _aPart One, Overview of USB 2.0(page-13) Part Two, Low- & Full-Speed Device Operation. (page-93) Part Three, High Speed Device Operation. (page-213) Part Four, USB 2.0 Hub Operation with LS/FS/HS Devices. (page-277) Part Five, USB Device Configuration. (page-339) Part Six, USB Software Overview. (page-421)
650 0 _aComputer architecture.
650 0 _aUSB (Computer bus)
710 2 _aMindShare, Inc.
942 _2ddc
_cBK
999 _c213293
_d213293